Engineering Mathematics/ (Record no. 2253)
[ view plain ]
| 000 -LEADER | |
|---|---|
| Fixed length control field | 00408nam a2200157 4500 |
| 003 - CONTROL NUMBER IDENTIFIER | |
| Control field | SEACOMEC |
| 005 - DATE AND TIME OF LATEST TRANSACTION | |
| Control field | 20250501134003.0 |
| 008 - FIXED-LENGTH DATA ELEMENTS--GENERAL INFORMATION | |
| Fixed length control field | 250501b |||||||| |||| 00| 0 eng d |
| 020 ## - INTERNATIONAL STANDARD BOOK NUMBER / ISBN | |
| International Standard Book Number | 978-9332509870 |
| Price | 485.00 |
| 040 ## - CATALOGING SOURCE | |
| Original cataloging agency | SEACOMEC |
| 082 ## - DEWEY DECIMAL CLASSIFICATION NUMBER | |
| Classification number | 510.002462 |
| Book Number | R165 |
| 100 ## - MAIN ENTRY--PERSONAL NAME | |
| Personal name | Ram , Babu |
| 245 ## - TITLE STATEMENT | |
| Title | Engineering Mathematics/ |
| Statement of responsibility | Babu Ram |
| 260 ## - IMPRINT | |
| Place of publication | New Delhi: |
| Name of publisher | Pearson Education, |
| Date of publication | 2010 |
| 942 ## - ADDED ENTRY ELEMENTS (KOHA) | |
| Koha item type | Books |
| Withdrawn status | Lost status | Source of classification | Damaged status | Not for loan | Home library | Current library | Date acquired | Total Checkouts | Call number | Accession number | Date last seen | Price effective from | Koha item type | Copy number |
|---|---|---|---|---|---|---|---|---|---|---|---|---|---|---|
| Dewey Decimal Classification | SEACOM ENGINEERING COLLEGE | SEACOM ENGINEERING COLLEGE | 21/09/2010 | 510.002462 R165 | 17054 | 01/05/2025 | 01/05/2025 | Reference Books | ||||||
| Dewey Decimal Classification | SEACOM ENGINEERING COLLEGE | SEACOM ENGINEERING COLLEGE | 21/09/2010 | 510.002462 R165 | 17055 | 01/05/2025 | 01/05/2025 | Books | 1 | |||||
| Dewey Decimal Classification | SEACOM ENGINEERING COLLEGE | SEACOM ENGINEERING COLLEGE | 21/09/2010 | 510.002462 R165 | 17056 | 01/05/2025 | 01/05/2025 | Books | 2 | |||||
| Dewey Decimal Classification | SEACOM ENGINEERING COLLEGE | SEACOM ENGINEERING COLLEGE | 21/09/2010 | 510.002462 R165 | 17057 | 01/05/2025 | 01/05/2025 | Books | 3 | |||||
| Dewey Decimal Classification | SEACOM ENGINEERING COLLEGE | SEACOM ENGINEERING COLLEGE | 19/11/2010 | 510.002462 R165 | 17797 | 01/05/2025 | 01/05/2025 | Books | 4 |
